roblox gra rok po roku - Statystyki

Ogólne statystyki
  • Ten quiz został rozwiązany 76 razy
  • Średni wynik to 4 z 19
Statystyki odpowiedzi
rok gry % Poprawnych
2023 Obby But You Can't Jump/Toilet Tower Defense/Pull a Sword/UGC Limited Codes/Geometry Blox/Brick Bronze Bronze Reborn/flex your weather/Tree Chop Simulator/Color or Die/NEED MORE HEAT/Murder Mystery V/Prоject Brоnze Fоrever
52%
2012 Blox Hunt/Push Dummies Down The Sparta Hole!/Build Your House in Bikini Bottom!/Theme Park Tycoon 2/Super Roblox Fighters/Jaws 2/Car Crushers 1/be a Parent, Kid, or Pet/Legend of the Shattered Rune RPG/A Day In Prison
45%
2013 Robloxity/Zombie Rush/Roblox Egg Hunt 2013/Space Knights/Cloud 9 Snowboarding Game/Halloween 2013: The Witching Hour/Deathrun 2/Be a Parent, Teen, Kid, Or a Pet!/Adopt And Raise A Baby!/Volcano Escape II/Kohls Admin House BC
41%
2017 Jailbreak/Shooting Stars/Doomspire Brickbattle/Zombie Attack/Nevada Outpost 5/Heroes of Robloxia/Flee the Facility/Wait for 4 hours to leave a room/ESCAPE THE IPHONE X/Super Nostalgia Zone/Pick A Side
36%
2016 MeepCity/Egg Hunt 2016: An Eggcellent Eggventure/Clone Tycoon 2/Pizza Factory Tycoon/Twisted Paintball/Starting Place/Pizza Factory Tycoon/Gym Tycoon/Sky Ranch Tycoon/The Elevator - Remade/Where's the Baby!/Robloxian Life
32%
2009 Tornado Alley ROBLOX/The Roblox Museum of 2006-2008/Ro-Pictionary/Survive the Spheres/1000 WAYS TO PIE/Robloxian Laundroma/Call of Robloxia 5 - Roblox at War/ROBLOX Battlefield 3/Epic Car Obby/WipeOut Obby/Wheel of Fortune!
30%
2021 Color Book/Build a Boat to Survive!/Sandbox Tycoon/Beeface: Be a Bee!/Find The Animals/Catalog Avatar Creator/Demon Tower Defense Simulator/Brookhaven 🏡RP Zombie Invasion//Mega Mansion Tycoon/Wacky Wizards
29%
2019 Arena: Tower Defense/Pop It Tycoon 2 Player/Building Simulator/Hotel/🍟 Escape McDonalds Obby!/JToH: (Semi) Official Practice Lobby/House Tycoon/Survival the felipe the kill/Fortnite Emotes/Rocket Cart Ride into Minion for Admin/Creeper CHAOS
27%
2020 Piggy, but it's Very Confusing/Hide N' Find/Can you survive a tsunami on 10 story house?/BANKRUPT/Survive Killer Piggy/Critical Tower Defense/Color Block/The Natural Elevator/Egg Hunt 2020 Fan Hub/PUSH YOUR FRIENDS!
27%
2015 Arsenal/DODGEBALL!/Minigame Testing Place/SKYWARS [CLASSIC]/Cube Eat Cube/Deathrun/Broken Bones 3/The Normal Elevator/Epic Minigames/Person299's Minigames [Testing Place]/MUFFIN KOMBAT: WAR WITHOUT END/KHOL"S Admin House
23%
2018 ⚔️ Zulu War/Happy Oofday!/Escape The Dungeon Obby!/Roblox High School 2/Camping/Noobs Vs Zombies Tycoon 2/Public Bathroom Simulator/Build A Ship To Survivor's Island/Hide n Seek Ultimate/Towers/Jello's Badge Walk 2021!
23%
2007 ROBLOX Base Wars FPS/Outpost Indigo/Aircraft/CarrierStarting BrickBattle Map/Work at a Pizza Place/Classic: Glass Houses/Dodge the Teapots of Doom/Ultimate Paintball
18%
2011 PARTY.exe/Deathrun Classic/Ride a Nyan Cat Down a Rainbow!/the Complex/Zombie High School/The ROBLOX Dance Club!/Hospital Roleplay/Find the Domos/Ultimate Driving/ROBLOX City Tycoon 2/City Hotel Tycoon/Super Simon Says/Halloween Paintball 2011: Crypts of the Dunfort/Sandbox (1)
14%
2008 Can you survive lava in a 100 story house?/King of the Hill/ROBLOX City/Be Crushed By A Speeding Wall/Robloxaville/Reason 2 Die/ROBLOX Derby/City Tycoon/Destruction Derby/Bloxxvile/Roblox's First REAL Arcade
13%
2022 Clip It/BARRY'S PRISON RUN/I Wanna Test The Game/Slime Mine!/Ready 2 Die/raise a floppa 2/Dig to China/Ocean Games/Egg Hunt 2022: Lost in Time/PLS DONATE/cart ride around nothing/Berry Avenue RP/Dwelling of Locks
11%
2006 lava rush/Forest of Desolation/Pirate Ship/Rebel Wars/NUKE THE WHALES/Air Base Sector 128A/Train Crashing
5%
2014 Survive the Disasters 2/Gmod Prop Hunt/Roll Up 10,000 Stairs for Super Admin Obby Dream Land/Super Bomb Survival/Speed Run/Vampire Hunters 2/Broken Bones 2/Have a Family in the Town of Robloxia!/Twisted Murderer Simulation
5%
2024 Eat the World/Void Fishing/Despicable Me 4 Heist Obby/Every Roblox Player/StarRail Simulator/Better Music?/weird strict teacher/Animal Race/Track & Field: Infinite/NEED MORE FRIENDS/Legends Arena/Pet Catchers/Dandy's World
4%
2010 Welcome to the City of Robloxia™/Epic Mining 2/Flood Escape Classic/Police Vs. Zombies/HG - FREE GAME Uncopylocked/Broken Bones/Original Roblox Mall/Prophunt/Call of Robloxia 5 - Roblox At War : The Zombies!/Deception Infection/LOLcaptions/Boys Vs Girls Island Wars
0%
Nie znaleziono quizów pasujących do podanych kryteriów
Rozkład punktacji
Procent ludzi z każdym wynikiem
Percentyl według liczby udzielonych odpowiedzi
Twoja historia wyników
Nie rozwiązałeś tego quizu